| 000 | 00898nam a2200217 a 4500 | ||
|---|---|---|---|
| 001 | 000041998 | ||
| 005 | 20201002035857.0 | ||
| 008 | 131029s2000 sp a 000 0 spa d | ||
| 020 | _a8400079027 | ||
| 040 |
_aDO-SdBNP _bspa _cBNPHU |
||
| 082 |
_axxx _bxxx |
||
| 100 | 1 |
_aOrtí Gost, Pere _968940 |
|
| 245 | 1 | 0 |
_aRenda I Fiscalitat en una Ciutat Medieval : _bBarcelona, segles XII-XIV / _cPere Orti Gost ; prólogo Manuel Sánchez Martínez. |
| 260 |
_aBarcelona : _bConsejo superior de investigaciones científicas, _bInstitución Milá y Fontanals, _c2000. |
||
| 300 |
_a736 p. : _bil. ; _c24 cm. |
||
| 490 | 1 |
_aAnuario de estudios medievales _aanejo _v41 |
|
| 500 | _aIncluye referencias bibliográficas y notas al pie de las páginas. | ||
| 504 | _aBibliografía : p. 669-702 | ||
| 700 | 1 | 2 |
_aSánchez Martínez, Manuel _epról. _968485 |
| 830 | 0 |
_aAnuario de estudios medievales _panejo _n41 _968941 |
|
| 999 |
_c41487 _d41487 |
||